000 00784nam a2200265 a 4500
005 20210219152930.0
008 991125n 000 0 u
035 _aUPN01000067385
100 _aSmetana, Judith G.
222 _aCHILD DEVELOPMENT
245 _aChildren's reasoning about interpersonal and moral conflicts
300 _a629-644
362 _a1991 62, no. 3
505 _aMarzo 1992
653 0 _aDESTREZAS DEL PENSAMIENTO
653 0 _aESTUDIANTES DE BACHILLERATO ELEMENTAL
653 0 _aESTUDIANTES DE LA ESCUELA ELEMENTAL
653 0 _aRELACIONES INTERPERSONALES
653 0 _aVALOR DEL JUICIO
653 0 _aVALORES MORALES
700 _aKillen, Melannie, coaut.
700 _aTuriel, Elliot, coaut.
904 _aAC
_b005196
905 _aArticulo
999 _c63996
_d63996